| 000 | 00663nam a2200193 i 4500 | ||
|---|---|---|---|
| 001 | 183127 | ||
| 003 | ES-MaACL | ||
| 005 | 20230906221814.0 | ||
| 008 | 140121s1921 fr |||| | fre d | ||
| 100 | 1 |
_aChlapnikoff, A. _9154245 |
|
| 245 | 1 | 4 |
_aLes Syndicats russes / _cA. Chlapnikoff. |
| 260 |
_aParis : _bÉditions de la Bibliothèque du Travail, _c1921. |
||
| 300 |
_a32 p. ; _c19 cm. |
||
| 490 | 1 |
_aLes Cahiers du travail ; _v1re série, 11 e cahier, 1er août 1921 |
|
| 650 | 0 | 4 |
_aSindicatos- _zURSS. _917124 |
| 830 | 0 |
_aLes Cahiers du travail ; _v1re série, 11 e cahier, 1er août 1921 _9191855 |
|
| 852 |
_aES-MaACL _j1625-F-18 |
||
| 999 |
_c183127 _d183127 |
||